Statistics for Top 15 Celebrities Born In 1994

Click here to take the quiz!

General Stats

  • This quiz has been taken 122 times
    (92 since last reset)
  • The average score is 4 of 15

Answer Stats

Answer% Correct
Justin Bieber
99%
Harry Styles
94%
Halsey
33%
Camila Mendes
32%
Dakota Fanning
27%
Ava Max
25%
Bad Bunny
24%
Charlie Heaton
20%
BooBoo Stewart
15%
Prestonplayz
15%
Cameron Dallas
11%
Moriah Elizabeth
9%
Karina Garcia
5%
Yammy
3%
Lizzy Capri
1%

Score Distribution

Percentile by Number Answered

Percent of People with Each Score

Your Score History

You have not taken this quiz since the last reset